00000000nam##2200000za#4500
0019.632341
003CaOODSP
00520210624214749
007cr |||||||||||
008150407|2006||||xxc|||||o    f|0| 0 fre|d
020 |a0-662-70644-7
040 |aCaOODSP|bfre
043 |an-cn---
0861 |aCH24-12/2005F-PDF
1101 |aCanada.|bPatrimoine canadien. |bSport Canada.
24510|aLes obstacles linguistiques à l'accès au sport de haut niveau - étude, 2005 / |h[ressource électronique]|c[par] Mira Svobody [et] Peter Donnelly.
260 |aOttawa - Ontario : |bPatrimoine canadien. |c2006.
300 |a60p.|btableaux
504 |aBibliographie.
5203 |aCe rapport présente les résultats d’une étude portant sur les obstacles à l’accès des athlètes francophones du Canada au sport de haut niveau. Il discute des obstacles linguistiques à la participation par rapport aux obstacles financiers et géographiques. Il se penche également sur les entraîneurs et donne un aperçu de l’infrastructure institutionnelle afin d’évaluer les progrès réalisés au chapitre du bilinguisme dans les sports. Il renferme 14 recommandations à court et à long terme formulées à l’intention de Sport Canada.
590 |a06-39|b2006-09-29
69107|aPolitique linguistique|2gcpds
69107|aSport|2gcpds
7102 |aTNS Canadian Facts.
7201 |aSvoboda, Mira
7201 |aDonnelly, Peter
77508|tLinguistic barriers to access to high performance sport - study, 2005 / |w(CaOODSP)9.687901
7760#|tLinguistic barriers to access to high performance sport - study, 2005 / |w(CaOODSP)9.667971
7760#|tLes obstacles linguistiques à l'accès au sport de haut niveau - étude, 2005 / |w(CaOODSP)9.667972
85640|ahttp://publications.gc.ca|qPDF|s594 Ko|uhttps://publications.gc.ca/collections/Collection/CH24-12-2005F.pdf